| 000 | 00850nam a2200277 i 4500 | ||
|---|---|---|---|
| 001 | 000035794 | ||
| 003 | DO-SdBNP | ||
| 005 | 20230714104322.0 | ||
| 007 | ta | ||
| 008 | 111114s1977 dr 000 0 spa d | ||
| 040 |
_aDO-SdBNP _bspa _cBNPHU _erda |
||
| 049 | _aBNPD | ||
| 082 | 4 | _222 | |
| 100 | 1 |
_aMota, Denis, _949338 _eautor |
|
| 245 | 1 | 0 |
_aEloise : _btentativa de un canto infinito / _cDenis Mota. |
| 264 | 1 |
_aHigüey : _bObispado de Higüey, _c1977. |
|
| 300 |
_a19 páginas ; _c15 cm. |
||
| 336 |
_2rdacontent _atexto _btxt |
||
| 337 |
_2rdamedia _asin mediación _bn |
||
| 338 |
_2rdacarrier _avolumen _bnc |
||
| 586 | _aPrimer premio del XIX concurso literario de navidad | ||
| 590 | _aPerteneció a la biblioteca personal de Juan Isidro Jimenes Grullón | ||
| 590 | _aInventariado, 2023/BT | ||
| 910 | _aBtavárez | ||
| 942 |
_2ddc _cLF2 |
||
| 999 |
_c35285 _d35285 |
||